000 01556nam a22001577a 4500
041 _aukr
080 _a09
090 _bСЕМ
100 _aСеменюк Д.В.
245 _aЗоофразеологізми сучасної англійської мови: структура, семантика, переклад
260 _aОстрог
_bКАФ
_c2009
300 _a42
520 _aВСТУП РОЗДІЛ 1 ПОНЯТТЯ ТА ОСОБЛИВОСТІ ЗООФРАЗЕОЛОГІЗМУ 1.1 Зоофразеологізми як особлива лексико-семантична група фразеологічних одиниць. 1.2 Структурно-семантична та граматична класифікація фразеологізмів. 1.3 Джерела виникнення англійських зоофразеологізмів. РОЗДІЛ 2 ПОРІВНЯЛЬНА ХАРАКТЕРИСТИКА АНГЛІЙСЬКИХ ТА УКРАЇНСЬКИХ ЗООФРАЗЕОЛОГІЗМІВ 2.1 Семантичні особливості англійських зоофразеологізмів. 2.2 Використання переносного значення назв тварин у зоофразеологізмах. 2.3 Зіставний аналіз зоофразеологічних одиниць. 2.4 Зооніми як ініціюючий фактор творення світосприйняття. ВИСНОВКИ
_0зоофразеологізми
650 _aResearch Papers
999 _c284124
_d284124
942 _cBK